[Event "BRA-ch U18 Girls"]
[Site "Sao Paulo"]
[Date "2012.04.29"]
[Round "3"]
[White "Fernandes, Alessandra Rocha"]
[Black "De Jesus Pinto, Aline Cristina"]
[Result "0-1"]
[WhiteElo "1817"]
[BlackElo "1898"]
[PlyCount "84"]
[EventDate "2012.04.28"]
[EventType "swiss"]
[EventRounds "7"]
[EventCountry "BRA"]
[SourceTitle "CBM 148 Extra"]
[Source "ChessBase"]
[SourceDate "2012.06.22"]
[SourceVersion "1"]
[SourceVersionDate "2012.06.22"]
[SourceQuality "1"]

1. e4 c5 2. Nf3 Nc6 3. Nc3 d6 4. d4 cxd4 5. Nxd4 a6 6. Bg5 h6 7. Bh4 Qb6 8. Nb3 Be6 9. Nd5 Bxd5 10. Qxd5 Rc8 11. c3 e6 12. Qd2 Ne5 13. Be2 Ng6 14. Bg3 Nf6 15. f3 Be7 16. Bf2 Qc7 17. 0-0 0-0 18. Nd4 d5 19. exd5 Nxd5 20. Bg3 Bd6 21. Bxd6 Qxd6 22. Rae1 Ndf4 23. Bd3 Nxd3 24. Qxd3 e5 25. Qe4 exd4 26. cxd4 Qc6 27. Qxc6 Rxc6 28. Re2 Rd8 29. Rd1 Rcd6 30. Red2 Ne5 31. b3 Nc6 32. d5 Ne7 33. Rc1 Rxd5 34. Rxd5 Nxd5 35. Rd1 Kf8 36. Kf2 Ke7 37. a3 Rd6 38. b4 Nc7 39. Rxd6 Kxd6 40. Ke3 Nb5 41. a4 Nc3 42. a5 Nd5+ 0-1

[Event "BRA-ch U18 Girls"]
[Site "Sao Paulo"]
[Date "2012.04.29"]
[Round "4"]
[White "Travassos, Kamily Santana"]
[Black "Fernandes, Alessandra Rocha"]
[Result "0-1"]
[WhiteElo "1705"]
[BlackElo "1817"]
[PlyCount "72"]
[EventDate "2012.04.28"]
[EventType "swiss"]
[EventRounds "7"]
[EventCountry "BRA"]
[SourceTitle "CBM 148 Extra"]
[Source "ChessBase"]
[SourceDate "2012.06.22"]
[SourceVersion "1"]
[SourceVersionDate "2012.06.22"]
[SourceQuality "1"]

1. c4 c5 2. Nf3 d6 3. g3 Nf6 4. Bg2 Nc6 5. 0-0 g6 6. Nc3 Bg7 7. d3 0-0 8. Be3 Bg4 9. Qd2 Qd7 10. Bh6 Rac8 11. Bxg7 Kxg7 12. Nd5 Nxd5 13. cxd5 Nd4 14. Qc3 f6 15. Nxd4 cxd4 16. Qxd4 Bxe2 17. Rfe1 Rc2 18. b3 b6 19. Qe3 Bg4 20. d4 Re8 21. a4 e6 22. dxe6 Qxe6 23. Qxe6 Rxe6 24. Rxe6 Bxe6 25. Be4 Rd2 26. Rc1 Rxd4 27. Rc7+ Kh6 28. Bg2 Bxb3 29. Rxa7 Rxa4 30. Rc7 Rd4 31. Rc6 b5 32. Rc3 Bc4 33. Re3 Rd1+ 34. Bf1 Bxf1 35. g4 Bh3+ 36. Re1 Rxe1# 0-1

[Event "BRA-ch U18 Girls"]
[Site "Sao Paulo"]
[Date "2012.04.28"]
[Round "2"]
[White "Silva, Carolina Alves"]
[Black "Fernandes, Alessandra Rocha"]
[Result "0-1"]
[WhiteElo "1690"]
[BlackElo "1817"]
[PlyCount "62"]
[EventDate "2012.04.28"]
[EventType "swiss"]
[EventRounds "7"]
[EventCountry "BRA"]
[SourceTitle "CBM 148 Extra"]
[Source "ChessBase"]
[SourceDate "2012.06.22"]
[SourceVersion "1"]
[SourceVersionDate "2012.06.22"]
[SourceQuality "1"]

1. e4 c5 2. Nf3 d6 3. Nc3 Nf6 4. Bc4 Bg4 5. h3 Bh5 6. g4 Bg6 7. e5 Ne4 8. Nxe4 Bxe4 9. d3 Bc6 10. Rg1 e6 11. Bf4 a5 12. a4 Be7 13. exd6 Bxd6 14. Ne5 Qc7 15. Nxc6 Bxf4 16. Nxb8 Rxb8 17. Bb5+ Ke7 18. Kf1 Qe5 19. b3 Rhd8 20. Kg2 Qf6 21. Qe1 Be5 22. Rb1 b6 23. Rf1 Rd4 24. f3 h5 25. Qe3 Rf4 26. Rbe1 Bd4 27. Qc1 hxg4 28. hxg4 Rh8 29. Re4 Rxe4 30. fxe4 Qh4 31. Qf4 Qh3# 0-1